00343nam a2200121Ia 4500008004100000041000800041100001900049245006300068260002600131300000900157520003200166650002300198230818s1999 xx 000 0 und d aeng aAbbott / Lewry aFront office procedyres, Social skill yield and Management bButterworn pub.c1999 a211p aHard Board | Reference Copy aHotel Front office